000 00556nam a2200193Ia 4500
003 GCL
008 140319s9999 xx 000 0 ara d
040 _aGCL /
_cGCL
082 0 4 _aط
_b813.087
_bم ك
100 1 _aمحمد فريد ابوحديد
245 1 0 _aكريم الدين البغدادى /
_cمحمد فريد ابوحديد
300 _a104 ص
490 _aاولادنا
_v0
650 0 4 _aالاطفال
650 0 4 _aقصص الاطفال
650 0 4 _aادب الاطفال
650 0 4 _aقصص المغامرات
942 _2ddc
_cBK
999 _c51147
_d51147